Toulon en images - Statistiques

Statistiques générales
  • Ce quiz a été pris 129 fois
  • Le résultat moyen est 8 sur 16
Statistiques - réponses
Par images Réponse % Correct
Place de la Liberté
91%
Mont Faron
89%
Plages du Mourillon
88%
Stade Mayol
84%
Opéra de Toulon
79%
Téléphérique du Mont Faron
79%
Arsenal
54%
Rade de Toulon
50%
Corsica Ferries
49%
La Tour Royale
45%
Musée National de la Marine
40%
Cours Lafayette
36%
Musée d'Art
26%
Mémorial du Débarquement et de la Libération en Provence
8%
Hôtel des Arts
7%
Bibliothèque Chalucet
2%
Aucun quiz correspondant
Distribution des résultats
% des personnes avec chaque résultat
Percentile par nombre de réponses
Votre historique - résultats
Vous n’avez pas pris ce quiz